000 00341nam a22001457a 4500
008 210312b ||||| |||| 00| 0 eng d
020 _a9780765642196
041 _aeng
080 _24th
_a004
082 _a004
100 _a28
101 _aSHKI
245 _aComputer Assisted Reporting a Practical Guide
_cHouston, B
942 _2udc
_cBK
999 _c56538
_d56538